Deutsche Städte an Emojis erraten - Statistiken

Allgemein
  • Dieses Quiz wurde 488 mal gespielt
  • Das Durchschnittsergebnis liegt bei 7 aus 10
Antwortstatistiken
Hint Antwort % Korrekt
🐺🏰 Wolfsburg
98%
🍔 Hamburg
93%
👁🏰 Augsburg
92%
👉👄 Dortmund
84%
👨🏡 Mannheim
84%
🟫🤫 Braunschweig
83%
🧂⛓️ Salzgitter
75%
🗽🏰 Freiburg
68%
🍕🍝 Essen
57%
😭🏰 Flensburg
17%
Keine übereinstimmenden Quizze gefunden
Verteilung der Resultate
Anzahl Personen mit jedem Resultat
Perzentil nach korrekt beantworteten Fragen
Ihre Resultats-Entwicklung
Sie haben dieses Quiz noch nicht gespielt